Perceptions journal of international affairs

Na minha lista:
Detalhes bibliográficos
Formato: Periódico
Idioma:inglês
Publicado em: Ankara Center for Strategic Research
Assuntos:
Tags: Adicionar Tag
Sem tags, seja o primeiro a adicionar uma tag!

MARC

LEADER 00000nas1a2200000$$$4500
001 0149421
005 20250708091409.2
022 |a 1300-8641 
041 0 |a eng 
044 |a TR 
245 1 0 |a Perceptions  |b journal of international affairs 
264 1 |a Ankara  |b Center for Strategic Research 
610 2 0 |a vzťahy medzinárodné 
610 2 0 |a politika medzinárodná 
610 2 0 |a spolupráca hospodárska medzinárodná